000
00267nam a2200109Ia 4500
008
230907s9999||||xx |||||||||||||| ||und||
082
_a
629.1
_b
AND
100
_a
Anderson, John D.,
245
0
_a
Introduction to flight /
300
_a
xviii, 910 pages :
942
_c
BK
999
_c
598162
_d
598162